[Event "Concepcion Lesly Memorial"]
[Site "Concepcion"]
[Date "2014.03.15"]
[Round "8"]
[White "Munoz Duran, Jaime"]
[Black "Salgado Moscozo, Heraldo"]
[Result "1/2-1/2"]
[WhiteElo "1939"]
[BlackElo "2067"]
[PlyCount "109"]
[EventDate "2014.03.01"]
[EventType "tourn"]
[EventRounds "9"]
[EventCountry "CHI"]
[SourceTitle "EXT 2016"]
[Source "ChessBase"]
[SourceDate "2015.10.08"]
[SourceVersion "1"]
[SourceVersionDate "2015.10.08"]
[SourceQuality "1"]

1. e4 c5 2. Nc3 Nc6 3. f4 g6 4. Nf3 Bg7 5. Bb5 Nd4 6. 0-0 a6 7. Bc4 e6 8. d3 Ne7 9. Nxd4 Bxd4+ 10. Kh1 b5 11. Bb3 Bb7 12. Ne2 Bg7 13. f5 exf5 14. Ng3 Qb6 15. c3 f4 16. Bxf4 0-0 17. Qg4 d5 18. Qd7 Rfe8 19. exd5 Rad8 20. Bc7 Rxd7 21. Bxb6 Rc8 22. a4 c4 23. dxc4 bxc4 24. Bd1 Nxd5 25. Bg1 f5 26. Bf3 Nf6 27. Rad1 Bxf3 28. gxf3 Rcd8 29. Rd4 Rxd4 30. Bxd4 Rb8 31. Rf2 Nd5 32. Bxg7 Kxg7 33. Rd2 Nb6 34. a5 Na4 35. Rd7+ Kh6 36. Rd6 Kg5 37. Rxa6 Rxb2 38. Rc6 Nxc3 39. Rxc4 Nd1 40. h4+ Kf6 41. Ra4 Nc3 42. Ra3 Nb5 43. a6 Na7 44. Ra5 Rf2 45. h5 Rxf3 46. Kg2 Re3 47. hxg6 hxg6 48. Kf2 Re5 49. Rxe5 Kxe5 50. Ne2 g5 51. Kf3 Nc6 52. Nc3 Na7 53. Ne2 Nb5 54. Nc3 Na7 55. Ne2 1/2-1/2

[Event "Concepcion Lesly Memorial"]
[Site "Concepcion"]
[Date "2014.03.09"]
[Round "6"]
[White "Escobar Bravo, Felipe"]
[Black "Salgado Moscozo, Heraldo"]
[Result "0-1"]
[WhiteElo "1809"]
[BlackElo "2067"]
[PlyCount "168"]
[EventDate "2014.03.01"]
[EventType "tourn"]
[EventRounds "9"]
[EventCountry "CHI"]
[SourceTitle "EXT 2016"]
[Source "ChessBase"]
[SourceDate "2015.10.08"]
[SourceVersion "1"]
[SourceVersionDate "2015.10.08"]
[SourceQuality "1"]

1. e4 c5 2. Nf3 Nc6 3. Bb5 g6 4. 0-0 Bg7 5. Re1 Ne5 6. c3 a6 7. Nxe5 Bxe5 8. Bf1 Qc7 9. g3 h5 10. d4 Bg7 11. dxc5 Qxc5 12. Be3 Qc7 13. Nd2 Nf6 14. Bf4 e5 15. Be3 d5 16. exd5 Nxd5 17. Nc4 Be6 18. Qf3 b5 19. Nb6 Rd8 20. Nxd5 Bxd5 21. Qe2 h4 22. Bg5 hxg3 23. fxg3 Rd6 24. a4 Rh5 25. Be3 Bc6 26. Rad1 Re6 27. Bg2 bxa4 28. h4 Bb5 29. Qd2 Re7 30. Qf2 Rf5 31. Qc2 e4 32. Bf4 Qc5+ 33. Kh2 Be5 34. Rxe4 Bxf4 35. gxf4 Qc7 36. Rdd4 Rh5 37. Qf2 g5 38. Rxe7+ Kxe7 39. Qe3+ Kf8 40. Qf3 Rxh4+ 41. Kg3 Bd7 42. Qd5 Rg4+ 43. Kh2 Be6 44. Qd8+ Qxd8 45. Rxd8+ Ke7 46. Rd4 Rxf4 47. Rxf4 gxf4 48. Bf1 Bc8 49. Bd3 Kd6 50. Bc4 f6 51. Kg2 Ke5 52. Kf2 Bb7 53. Be2 Kd6 54. Bc4 Kc5 55. Bd3 a5 56. Be2 Bc6 57. Bd3 Bd5 58. Be2 f5 59. Bd1 a3 60. bxa3 Kc4 61. Ba4 Kxc3 62. Bb5 Kb3 63. a4 Kb4 64. Bd7 Be4 65. Ke2 Kc3 66. Bb5 Kd4 67. Kf2 Kc5 68. Bd7 Kd6 69. Bb5 Bc6 70. Bd3 Bxa4 71. Bxf5 Ke5 72. Bg6 Bb3 73. Ke2 Bc4+ 74. Kd2 Kd4 75. Bh5 a4 76. Bf3 a3 77. Kc2 Ke3 78. Bc6 Bd3+ 79. Kb3 Be4 80. Bb5 f3 81. Bd7 f2 82. Bh3 Bd3 83. Kxa3 Kf3 84. Kb3 Kg3 0-1

[Event "Concepcion Lesly Memorial"]
[Site "Concepcion"]
[Date "2014.03.02"]
[Round "2"]
[White "Tejos Godoy, Rodrigo Andres"]
[Black "Salgado Moscozo, Heraldo"]
[Result "1-0"]
[WhiteElo "1849"]
[BlackElo "2067"]
[PlyCount "165"]
[EventDate "2014.03.01"]
[EventType "tourn"]
[EventRounds "9"]
[EventCountry "CHI"]
[SourceTitle "EXT 2016"]
[Source "ChessBase"]
[SourceDate "2015.10.08"]
[SourceVersion "1"]
[SourceVersionDate "2015.10.08"]
[SourceQuality "1"]

1. f4 c5 2. b3 Nc6 3. Bb2 Nf6 4. Nf3 d5 5. e3 e6 6. Be2 g6 7. 0-0 Bg7 8. Qe1 0-0 9. Ne5 Nb4 10. Na3 Nd7 11. c3 Nxe5 12. fxe5 Nc6 13. d4 Qb6 14. Kh1 Bd7 15. Qh4 c4 16. Bd1 f6 17. exf6 Bxf6 18. Qh3 cxb3 19. axb3 Bxd4 20. Bg4 Be5 21. Bxe6+ Bxe6 22. Qxe6+ Kh8 23. Qxd5 Qxe3 24. Nc4 Rxf1+ 25. Rxf1 Qe2 26. Qd1 Qxd1 27. Rxd1 Bf6 28. Rd7 b5 29. Nd6 Ne5 30. Rb7 Rd8 31. Ba3 Kg8 32. Rxa7 Nf7 33. Rxf7 Bxc3 34. Rf1 b4 35. Nb5 bxa3 36. Nxc3 Rd2 37. Nb1 Ra2 38. Kg1 Rb2 39. Nxa3 Rxb3 40. Nc4 Rc3 41. Ne5 Rc2 42. Rf7 Ra2 43. Kf1 g5 44. Rf5 h6 45. Rf7 Rb2 46. Rc7 Rb5 47. Ng4 Rb6 48. Kf2 h5 49. Ne3 Rf6+ 50. Ke2 Rg6 51. Rc5 Rg7 52. Rf5 Kh7 53. Kf3 Kh6 54. Nd5 Rg8 55. Ne7 Ra8 56. Nd5 Ra3+ 57. Ne3 Kg6 58. Rc5 h4 59. Rc6+ Kh5 60. Ke4 Ra4+ 61. Nc4 Ra2 62. Ne3 Ra4+ 63. Rc4 Ra6 64. h3 Re6+ 65. Kd3 Ra6 66. Ng4 Ra2 67. Rc6 Rd2+ 68. Kc4 Rd4+ 69. Kc5 Rxg4 70. Rh6+ Kxh6 71. hxg4 Kg7 72. Kd5 Kf6 73. Kd6 Kf7 74. Ke5 Kg6 75. Ke6 Kg7 76. Kf5 Kh6 77. Kf6 Kh7 78. Kxg5 Kg7 79. Kxh4 Kg6 80. g5 Kg7 81. Kh5 Kh7 82. g6+ Kg7 83. g3 1-0

[Event "Concepcion Lesly Memorial"]
[Site "Concepcion"]
[Date "2014.03.01"]
[Round "1"]
[White "Salgado Moscozo, Heraldo"]
[Black "Palma Neira, Eliseo Maximiliano"]
[Result "0-1"]
[WhiteElo "2067"]
[BlackElo "1977"]
[PlyCount "58"]
[EventDate "2014.03.01"]
[EventType "tourn"]
[EventRounds "9"]
[EventCountry "CHI"]
[SourceTitle "EXT 2016"]
[Source "ChessBase"]
[SourceDate "2015.10.08"]
[SourceVersion "1"]
[SourceVersionDate "2015.10.08"]
[SourceQuality "1"]

1. d4 d5 2. c4 c6 3. Nc3 Nf6 4. Nf3 e6 5. Bg5 dxc4 6. e4 b5 7. e5 h6 8. Bh4 g5 9. exf6 gxh4 10. Ne5 Qxf6 11. a4 Bb7 12. Be2 Nd7 13. Nxd7 Kxd7 14. axb5 cxb5 15. d5 Kc8 16. Nxb5 Bb4+ 17. Nc3 Bxc3+ 18. bxc3 Qxc3+ 19. Kf1 Bxd5 20. Rc1 Qe5 21. Bxc4 Kd7 22. Bxd5 Qxd5 23. Qa4+ Ke7 24. Rd1 Qc5 25. Qxh4+ f6 26. g3 Qc6 27. Qb4+ Kf7 28. Qg4 Qxh1+ 29. Ke2 Qc6 0-1

[Event "Coronel-A 1st"]
[Site "Coronel"]
[Date "2012.12.15"]
[Round "1.2"]
[White "Salgado Moscozo, Heraldo"]
[Black "Tapia Fuentes, Jaime"]
[Result "0-1"]
[WhiteElo "2070"]
[BlackElo "2143"]
[PlyCount "48"]
[EventDate "2012.12.15"]
[EventType "tourn"]
[EventRounds "9"]
[EventCountry "CHI"]
[SourceTitle "EXT 2024"]
[Source "ChessBase"]
[SourceDate "2023.10.10"]
[SourceVersion "1"]
[SourceVersionDate "2023.10.10"]
[SourceQuality "1"]

1. d4 Nf6 2. c4 g6 3. Nc3 d5 4. cxd5 Nxd5 5. e4 Nxc3 6. bxc3 Bg7 7. Bc4 c5 8. Ne2 Nc6 9. Be3 0-0 10. 0-0 Qc7 11. Rc1 Rd8 12. Qb3 Na5 13. Qa4 a6 14. Bf4 e5 15. Bg5 Bd7 16. Bxd8 Qxd8 17. Bxf7+ Kxf7 18. Qa3 Bb5 19. c4 Bxc4 20. Rxc4 Nxc4 21. Qb3 b5 22. dxc5 Qc7 23. Qc2 Qxc5 24. Rd1 Kg8 0-1

[Event "Linares Chile op"]
[Site "Linares"]
[Date "2000.06.25"]
[Round "6"]
[White "Salgado Moscozo, Heraldo"]
[Black "Salas Arros, Cristian Eduardo"]
[Result "0-1"]
[WhiteElo "2080"]
[BlackElo "2288"]
[PlyCount "94"]
[EventDate "2000.06.24"]
[EventType "swiss"]
[EventRounds "9"]
[EventCountry "CHI"]
[SourceTitle "EXT 2001"]
[Source "ChessBase"]
[SourceDate "2000.11.22"]
[SourceVersion "1"]
[SourceVersionDate "2000.11.22"]
[SourceQuality "1"]

1. d4 Nf6 2. c4 e6 3. Nc3 c5 4. d5 exd5 5. cxd5 d6 6. e4 g6 7. Bd3 Bg7 8. Nf3 0-0 9. 0-0 a6 10. a4 Bg4 11. h3 Bxf3 12. Qxf3 Nbd7 13. Bf4 Ne5 14. Bxe5 dxe5 15. Nd1 Bh6 16. Ne3 Bxe3 17. Qxe3 Qe7 18. Bc4 Ne8 19. f4 Nd6 20. Bd3 c4 21. Bc2 Rfe8 22. Rae1 b5 23. Qc3 f6 24. fxe5 fxe5 25. axb5 axb5 26. Qb4 Kg7 27. Rf3 Rf8 28. Ref1 Rxf3 29. Rxf3 Ra1+ 30. Kh2 h5 31. Ra3 Rxa3 32. Qxa3 h4 33. b3 Qf6 34. Qa7+ Kh6 35. Qe3+ g5 36. bxc4 bxc4 37. Qf3 Qxf3 38. gxf3 Kg6 39. Kg2 Nb5 40. Kf2 Nd4 41. Ba4 c3 42. Ke3 c2 43. Kd2 Nxf3+ 44. Kxc2 g4 45. Be8+ Kf6 46. Bh5 Nd4+ 47. Kd3 gxh3 0-1